Lecciones de filosofía según el espíritu del angélico doctor Santo Tomás de Aquino (Registro nro. 67304)

Detalles MARC
000 -ENCABEZADO
Número de control [NR] 02156nam a22002777a 4500
005 - FECHA Y HORA DE LA ÚLTIMA TRANSACCIÓN
control field 20151216090230.0
008 - DE LONGITUD FIJA DE DATOS DE ELEMENTOS - INFORMACIÓN GENERAL
Elementos de longitud fija [NR] 130419k18861887ck ||||fr|||||000|0|spa|d
040 ## - FUENTE DE CATALOGACION [NR]
Agencia de catalogación original [NR] Co-BoUCM
Idioma de catalogación [NR] spa
Quien Cataloga Sandra Yazo (modificó)
Quien Clasifica Sandra Yazo (modificó)
041 1# - CODIGO DE IDIOMA [R]
Código de idioma para texto/pista de sonido o título separado [R] Español
Language code of original and/or intermediate translations of text lat
082 04 - NUMERO DE CLASIFICACION DECIMAL DEWEY [R]
Número de clasificación [R] 189.4
Número de la edición [NR] 20
092 ## - SIGNATURA TOPOGRAFICA LOCAL
Número de clasificación local E02N100
100 1# - ASIENTO PRINCIPAL--NOMBRE PERSONAL [NR]
Nombre personal [NR] Vallet, P.‏
ID Autoridad 38471
Fechas asociadas con el nombre [NR] 1845-
Forma más completa del nombre [NR] (Pierre)
245 10 - MENCION DE TITULO [NR]
Título [NR] Lecciones de filosofía según el espíritu del angélico doctor Santo Tomás de Aquino
Mención de responsabilidad, etc. [NR] por P. Vallet ; traducidas del latín al castellano y anotadas por Gabriel Rosas
Número de la parte/sección de la obra [R] Tomo primero
Nombre de la parte/sección de la obra [R] Lógica
Número de la parte/sección de la obra [R] Tomo segundo
Nombre de la parte/sección de la obra [R] Antropología
250 ## - MENCION DE EDICION [NR]
Mención de edición [NR] Segunda edición,
Resto de la mención de edición [NR] notablemente mejorada
260 ## - PUBLICACION, DISTRIBUCION, ETC. (PIE DE IMPRENTA) [R]
Lugar de publicación, distribución, etc. [R] Bogotá (Colombia)
Nombre del editor, distribuidor, etc. [R] Imp. de Echeverría Hermanos
-- Casa Editorial de M. Rivas
Fecha de publicación, distribución, etc. [R] 1886-1887
300 ## - DESCRIPCION FISICA [R]
Extensión [R] 2 volúmenes (v, [3], 248 ; xvi, 260 páginas)
Dimensiones [R] 20 x 14 cm.
500 ## - NOTA GENERAL [R]
Nota general [NR] Detalles físicos: Encuadernación rígida en cartón forrado en papel. Tapa delantera con datos de publicación impresos, raspaduras, residuos de cinta pegante, lomo desprendido en el V.1. Lomo en tela. Guardas, V.2 sueltas. Portada V.1 impresa en una tinta, V.2 en dos tintas. Texto impreso en una sola columna, con varios tipos y tamaños de letra. Notas al pie de página. V.1 con gráficos, cuadros entre el texto. Portadas con firma de “Liborio Zerda” y sello de tinta. V.1 desencuadernado. Tapa del V.1 indica fecha de publicación 1888. El V.2 Ej.2 con encuadernación rigida (holandesa) cartón forrado en papel, lomo en tela con adornos en dorado.
500 ## - NOTA GENERAL [R]
Nota general [NR] Ejemplares agrupados en un solo registro para mantener el orden de la colección, varias ediciones. V.1 2a ed., V.2: 1a ed.
505 2# - NOTA DE CONTENIDO CON FORMATO PREESTABLECIDO [R]
Nota de contenido con formato preestablecido [NR] V1: Parte 1 – 3: La criteriología o descubrimiento de la verdad ; Dialéctica ; Metodología -- V2: Parte 1 – 2: Potencias del alma ; La naturaleza del hombre: La unión del alma con el cuerpo ; El alma considerada separadamente
506 ## - NOTA DE RESTRICCIONES DE ACCESO [R]
Condiciones de acceso [NR] Consulta en sala
650 #7 - ASIENTO SECUNDARIO DE MATERIA - TERMINO TEMATICO [R]
Término temático o nombre geográfico como elemento de entrada [NR] Filosofía
9 (RLIN) 37748
Subdivisión general [R] Libros de texto
650 #7 - ASIENTO SECUNDARIO DE MATERIA - TERMINO TEMATICO [R]
Término temático o nombre geográfico como elemento de entrada [NR] Tomismo
Subdivisión de forma [R] Libros de texto
9 (RLIN) 25513
690 ## - ASUNTO AGREGADO LOCAL DE ENTRADA - TÉRMINO TEMÁTICO (OCLC, RLIN)
Acceso temático local Filosofía
700 1# - ASIENTO SECUNDARIO - NOMBRE PERSONAL [R]
Nombre personal [NR] Rosas, Gabriel
Término de relación [R] traductor
9 (RLIN) 38472
942 ## - ELEMENTOS DE ENTRADA AGREGADOS (KOHA)
Tipo de ítem principal el descrito en 300a Libro
Edición 2
Tema principal 2
Sistema de clasificación LOCAL
Clasificación E02N100
Existencias
Suprimido Perdido Sistema de clasificación Dañado No prestable Tipo de ítem específico Ubicación habitual Ubicación actual Localización Fecha de creación Forma de adquisición Costo Volúmen / Fascículo Total préstamos Signatura topográfica Código de barras Última vez visto Ejemplar Price effective from Tipo de ítem
    LOCAL     Libro archivo Archivo Histórico Archivo Histórico Archivo histórico 28/05/2013 Donación 0.00 V.1   E02N100 L000326 15/12/2012 Ej.1 03/02/2013 Libro
    LOCAL     Libro archivo Archivo Histórico Archivo Histórico Archivo histórico 28/05/2013 Donación 0.00 V.2   E02N100 L000327 15/12/2012 Ej.1 03/02/2013 Libro
    LOCAL     Libro archivo Archivo Histórico Archivo Histórico Archivo histórico 29/10/2015 Donación 0.00 V.2   E02N100 L005259 29/10/2015 Ej.2 29/10/2015 Libro